The Legend Of Zelda: Four Swords Items - Statistics

General Stats
  • This quiz has been taken 10 times
  • The average score is 9 of 21
Answer Stats
Type Item % Correct
Inventory Bomb
86%
Inventory Boomerang
86%
Inventory Bow
71%
Other Rupee
71%
Other Small Key
71%
Inventory Shield
57%
Other Heart
43%
Other Heart Container
43%
Inventory Pegasus Boots
43%
Seed Pegasus Seed
43%
Inventory Roc's Cape
43%
Inventory Chain Chomp
29%
Other Fairy
29%
Key Golden Key
29%
Inventory Magnetic Glove
29%
Key Silver Key
29%
Seed Armor Seed
14%
Inventory Gnat Hat
14%
Key Hero's Key
14%
Other Medal Of Courage
14%
Seed Razor Seed
14%
No matching quizzes found
Score Distribution
Percent of People with Each Score
Percentile by Number Answered
Your Score History
You have not taken this quiz